000 00452nam a2200181Ia 4500
001 4954
005 20260306145832.0
008 260306t2014||||xx |||||||||||||| ||spa||
041 _aESP
082 _a332.042
_bS23
100 _aSánchez Castaños, Leopoldo
_eAUT
245 0 _aFinanzas internacionales y mercado de derivados
260 _c2014
300 _a410 páginas :
_c24 cm.
650 _aGEN
654 _aCAN
942 _cLIB
_dJUS
_fJUS
_2ddc
_n
999 _c4954
_d4954